| 000 | 00833nam a2200241 a 4500 | ||
|---|---|---|---|
| 005 | 20220818110706.0 | ||
| 008 | 040512s2001 es r 000 0 spa d | ||
| 020 | _a8433961640 | ||
| 035 | _aUPN01000133395 | ||
| 049 | _aCG | ||
| 050 | 4 |
_aHN377 _bB6.2 |
|
| 100 | 1 |
_aBourdieu, Pierre, _d1930-2002 |
|
| 245 | 1 | 0 |
_aContrafuegos 2 : _bpor un movimiento social europeo / _cPierre Bourdieu ; tr. Joaquín Jordá. |
| 260 |
_aBarcelona, Esp. : _bAnagrama, _c2001. |
||
| 300 | _a118 p. | ||
| 440 | 0 |
_aArgumentos ; _v273 |
|
| 534 |
_pTraduccion de : _tContre-feux 2 : pour un mouvement social européen |
||
| 650 | 7 |
_aAcción social _zEuropa _2 _9508 |
|
| 650 | 4 |
_aMOVIMIENTOS SOCIALES - _zEUROPA |
|
| 651 | 4 |
_aEUROPA - _xCONDICIONES SOCIALES - _y1945- |
|
| 651 | 4 |
_aEUROPA - _xECONOMIA POLITICA - _xPARTICIPACION CIUDADANA |
|
| 905 | _aLibro | ||
| 999 |
_c105546 _d105546 |
||